| 000 | 01043nam a22002297a 4500 | ||
|---|---|---|---|
| 999 |
_c21420 _d21420 |
||
| 003 | AR-CdUCM | ||
| 008 | 190319b ||||| |||| 00| 0 spa d | ||
| 020 | _a9786124191435 | ||
| 040 |
_aMUNICIPALIDAD PROVINCIAL DEL CUSCO _cBIBLIOTECA MUNICIPAL DEL CUSCO |
||
| 082 |
_a612.3061/R74 _bR74 |
||
| 100 |
_aRodríguez Félix, César _944694 |
||
| 245 |
_aNutrición oncológica : _bguía de alimentación para vivir mejor / |
||
| 260 |
_aLima ; _bUniversidad Peruana de Ciencias Aplicadas (UPC), _c2014. |
||
| 300 |
_a137 Páginas. : _c24 cm. |
||
| 505 | _aContenido: Conocimientos básicos sobre nutrición para pacientes con cáncer -- Nutrición enteral -- Nutrición parental -- Alimentación y dieta -- Alimentación para pacientes con cáncer, diabetes, disfunción hepática, respiratoria ... | ||
| 650 |
_aNutrición oncológica _944695 |
||
| 650 |
_aGuía de alimentación _944696 |
||
| 700 |
_aMauricio Alza, Saby _944697 |
||
| 710 |
_aUniversidad Peruana de Ciencias Aplicadas (UPC) _944601 |
||
| 942 |
_2ddc _cLIBROS |
||
| 945 | _aRoel | ||